| 000 -CABECERA |
| campo de control de longitud fija |
01454nam a2200301 u 4500 |
| 001 - NÚMERO DE CONTROL |
| campo de control |
000052439 |
| 005 - FECHA Y HORA DE LA ÚLTIMA TRANSACCIÓN |
| campo de control |
20200120222727.0 |
| 008 - DATOS DE LONGITUD FIJA--INFORMACIÓN GENERAL |
| campo de control de longitud fija |
130128s2011 sp a jr 000 c spa d |
| 020 ## - NÚMERO INTERNACIONAL ESTÁNDAR DEL LIBRO |
| Número Internacional Estándar del Libro |
9788467906363 |
| 041 0# - CÓDIGO DE LENGUA |
| Código de lengua del texto/banda sonora o título independiente |
spa |
| 043 ## - CÓDIGO DE ÁREA GEOGRÁFICA |
| Código de área geográfica |
e-sp--- |
| 090 ## - LOCALMENTE ASIGNADO TIPO-LC NÚMERO DE CLASIFICACIÓN (OCLC); NÚMERO DE CLASIFICACIÓN LOCAL (RLIN) |
| Número de clasificación (OCLC) (R) ; Numero de clasificación, CALL (RLIN) (NR) |
JN |
| Número cutter local (OCLC) ; Número de libro/Signatura topográfica íntegra, CALL (RLIN) |
STAC |
| 100 1# - ENTRADA PRINCIPAL--NOMBRE DE PERSONA |
| Nombre de persona |
Stassi, Claudio |
| 245 10 - MENCIÓN DE TÍTULO |
| Título |
Por eso me llamo Giovanni / |
| Mención de responsabilidad, etc. |
Claudio Stassi ; traducción : María Fernández ; prólogo : Guillermo Altares. |
| 250 ## - MENCIÓN DE EDICIÓN |
| Mención de edición |
1a. ed. |
| 260 ## - PUBLICACIÓN, DISTRIBUCIÓN, ETC. |
| Lugar de publicación, distribución, etc. |
Barcelona : |
| Nombre del editor, distribuidor, etc. |
Norma Editorial, |
| Fecha de publicación, distribución, etc. |
2011. |
| 300 ## - DESCRIPCIÓN FÍSICA |
| Extensión |
175 p. |
| Material acompañante/anejo |
il., col. |
| 490 0# - MENCIÓN DE SERIE |
| Mención de serie |
Graphic Journal |
| Designación de volumen o secuencia |
05 |
| 500 ## - NOTA GENERAL |
| Nota general |
Premio al Mejor Guiín en la Comicon de Nápoles 2007 |
| 500 ## - NOTA GENERAL |
| Nota general |
Premio al Mejor guión en la Fumetti in TV de Treviso 2007 |
| 520 3# - SUMARIO, ETC. |
| Sumario, etc. |
"En el día de su décimo cumpleaños, Giovanni va a aprender una de las lecciones más importantes de su vida. De la mano de su padre, emprenderá un viaje por Palermo, su ciudad, y conocerá la historia del juez Falcone, un hombre valiente que se enfrentó a la mafi a con la legalidad como única arma. "GIOVANNI GALCONE luchó hasta su muerte a manos de la mafia. Es un símbolo para los que creemos en la justicia y ojalá yo pueda llegar a lo que él fue". Baltasar Garzón." |
| 650 14 - PUNTO DE ACCESO ADICIONAL DE MATERIA--TÉRMINO DE MATERIA |
| Término de materia o nombre geográfico como elemento de entrada |
Novela juvenil gráfica. |
| 650 24 - PUNTO DE ACCESO ADICIONAL DE MATERIA--TÉRMINO DE MATERIA |
| Término de materia o nombre geográfico como elemento de entrada |
Viajes |
| Subdivisión de forma |
Novela gráfica. |
| 650 24 - PUNTO DE ACCESO ADICIONAL DE MATERIA--TÉRMINO DE MATERIA |
| Término de materia o nombre geográfico como elemento de entrada |
Mafía |
| Subdivisión de forma |
Novela gráfica |
| 650 24 - PUNTO DE ACCESO ADICIONAL DE MATERIA--TÉRMINO DE MATERIA |
| Término de materia o nombre geográfico como elemento de entrada |
Justicia |
| Subdivisión de forma |
Novela gráfica. |
| 700 1# - PUNTO DE ACCESO ADICIONAL--NOMBRE DE PERSONA |
| Nombre de persona |
Altares, Guillermo, |
| 700 1# - PUNTO DE ACCESO ADICIONAL--NOMBRE DE PERSONA |
| Nombre de persona |
Fernández, María, |
| Término indicativo de función/relación |
traductora. |
| 952 ## - LOCALIZACIÓN E INFORMACIÓN DEL ÍTEM/UNIDAD FÍSICA (KOHA) |
| -- |
Perdido |